Dezi-, Dual- und Hexadezimalzahlen umwandeln - Digitaltechnik - Statistiken

Allgemein
  • Dieses Quiz wurde 29 mal gespielt
  • Das Durchschnittsergebnis liegt bei 13 aus 30
Antwortstatistiken
Dezimalzahl Dualzahl % Korrekt
1 1
100%
3 3
68%
1 0000 0001
63%
3 0000 0011
63%
8 0000 1000
63%
8 8
63%
6 0000 0110
58%
7 0000 0111
58%
6 6
58%
12 0000 1100
53%
15 0000 1111
53%
7 7
53%
12 C
53%
15 F
53%
32 0010 0000
47%
255 1111 1111
42%
19 0001 0011
37%
130 1000 0010
37%
255 FF
37%
29 0001 1101
32%
96 0110 0000
32%
152 1001 1000
26%
168 1010 1000
26%
32 20
26%
19 13
21%
29 1D
21%
96 60
16%
130 82
16%
168 A8
16%
152 98
11%
Keine übereinstimmenden Quizze gefunden
Verteilung der Resultate
Anzahl Personen mit jedem Resultat
Perzentil nach korrekt beantworteten Fragen
Ihre Resultats-Entwicklung
Sie haben dieses Quiz noch nicht gespielt